Vector analysis with applications (Record no. 7970)

000 -LEADER
fixed length control field 00491nam a22001937a 4500
001 - CONTROL NUMBER
control field 7970
003 - CONTROL NUMBER IDENTIFIER
control field BD-DhUET
008 - FIXED-LENGTH DATA ELEMENTS--GENERAL INFORMATION
fixed length control field 141221b xxu||||| |||| 00| 0 eng d
040 ## - CATALOGING SOURCE
Transcribing agency 0
Modifying agency BD-DhUET
082 ## - DEWEY DECIMAL CLASSIFICATION NUMBER
Classification number 516.83
Item number ALI/1977
100 ## - MAIN ENTRY--PERSONAL NAME
Personal name Ali Ashraf
245 ## - TITLE STATEMENT
Title Vector analysis with applications
Statement of responsibility, etc. by Ali Ashraf
250 ## - EDITION STATEMENT
Edition statement 1st ed.
260 ## - PUBLICATION, DISTRIBUTION, ETC. (IMPRINT)
Place of publication, distribution, etc. Dhaka
Name of publisher, distributor, etc. Hafiz book centre
Date of publication, distribution, etc. 1977
300 ## - PHYSICAL DESCRIPTION
Extent 340[2]p.
Other physical details ill.
650 #0 - SUBJECT ADDED ENTRY--TOPICAL TERM
Topical term or geographic name as entry element Vector analysis
700 ## - ADDED ENTRY--PERSONAL NAME
Personal name Abdul Khaleq Hazra, Md.
942 ## - ADDED ENTRY ELEMENTS (KOHA)
Koha item type General Book
Holdings
Koha full call number Koha item type Koha date last seen Koha issues (times borrowed) Copy number Source of classification or shelving scheme Shelving location Sublocation or collection (holding branch) Location (home branch) Koha date last borrowed Koha normalized classification for sorting Price effective from Piece designation (barcode) Damaged status Date acquired Koha out on loan Withdrawn status Not for loan Lost status
516.83/ALI/1977General Book2025-11-09131 Circulation sectionCentral Library, BUETCentral Library, BUET2023-09-26516_830000000000000_ALI_19772014-12-2148782 2014-12-21    
516.83/ALI/1977General Book2024-02-0492 Circulation sectionCentral Library, BUETCentral Library, BUET2024-02-04516_830000000000000_ALI_19772015-03-3148785 2015-03-312024-02-18   
516.83/ALI/1977General Book2015-06-07 3 Reading sectionCentral Library, BUETCentral Library, BUET 516_830000000000000_ALI_19772015-06-0756215 2015-06-07    
516.83/ALI/1977General Book2015-06-07 4 Reading sectionCentral Library, BUETCentral Library, BUET 516_830000000000000_ALI_19772015-06-0756213 2015-06-07    
516.83/ALI/1977General Book2015-06-07 5 Reading sectionCentral Library, BUETCentral Library, BUET 516_830000000000000_ALI_19772015-06-0756216 2015-06-07    
516.83/ALI/1977General Book2015-06-07 6 Reading sectionCentral Library, BUETCentral Library, BUET 516_830000000000000_ALI_19772015-06-0756218 2015-06-07    
516.83/ALI/1977General Book2025-11-0917 Circulation sectionCentral Library, BUETCentral Library, BUET2024-10-23516_830000000000000_ALI_19772015-07-1256212 2015-07-12